LEADER 00986nam a2200205 4500 001 000000362858 003 CaOOAMICUS 005 20250519154706.0 008 250519s1921 it 000 u ita r 040 $aSeMil$bita 100 1 $aZamboni, Giuseppe <1875-1950>.$0(OLS)http://semarc/name/1560 245 13$aIl valore scientifico del positivismo di Roberto Ardigò e della sua 'conversione' :$bappunti critici /$cGiuseppe Zamboni. 264 1$aVerona :$bSocietà Editrice Veronese,$c1921. 300 $a73 p. ;$c24 cm 600 14$aArdigò, Roberto <1828-1920>.$0(OLS)http://semarc/subject/5864 850 $aSeMil 852 $aSeMil$W1$xVenegono$y1$m5B VIII 1/10$j257148$B253751$CSeMilBibl$Z2$F253751 $86 996 $6245$aIl valore scientifico del positivismo di Roberto Ardigò e della sua 'conversione' :$bappunti critici$9(OLS)http://semarc/title/453848 996 $6264$aVerona :$bSocietà Editrice Veronese$9(OLS)http://semarc/publisher/62363 LEADER 01193nam a2200265 i 4500 001 000000195126 003 CaOOAMICUS 005 20101202000000.0 008 101202s1994 it u000 u ita u 013 $a173789 040 $aSeMil$bita 240 00$aDon Luigi Monza.$0(OLS)http://semarc/title/194078 245 10$a1954-1994 :$bQuarantesimo della morte del servo di Dio don Luigi Monza. 246 04$iTitolo in copertina:$aDon Luigi Monza : 1954-1994 260 $aLecco :$bGrafiche Stefanoni,$c1994. 300 $a92 p. :$briccamente ill. ;$c21 cm. 500 $aSupplemento n. 1 a "La Nostra Famiglia". - Fondo Card. C.M. Martini. 600 14$aMonza, Luigi .$0(OLS)http://semarc/subject/7178 850 $aSeMil 852 $aSeMil$W1$xVenegono$y1$m5A XII 7/30$j145695$B145695$CSeMilBibl$Z2$F157276 $81 941 1 $a4 961 $aOmaggio: Martini Card. Carlo Maria 996 $6245$a1954-1994 :$bQuarantesimo della morte del servo di Dio don Luigi Monza$9(OLS)http://semarc/title/281429 996 $6246$aDon Luigi Monza : 1954-1994$9(OLS)http://semarc/title/281430 996 $6260$aLecco :$bGrafiche Stefanoni$9(OLS)http://semarc/publisher/48619